| 000 | 01426nam a2200265Ia 4500 | ||
|---|---|---|---|
| 003 | PE SENCICO BE | ||
| 005 | 20251020182428.0 | ||
| 008 | 200515s9999 xx 000 0 und d | ||
| 020 | _a968-880-675-7 | ||
| 040 |
_aPE SENCICO BE _cPE SENCICO BE |
||
| 041 | _aspa | ||
| 082 |
_a519.5 _bL54 1996 |
||
| 100 | 1 |
_aLevin, Richard I. _92392 _eautor |
|
| 245 | 1 | 0 |
_aEstadística para administradores / _cRichard I. Levin, David S. Rubin |
| 250 | _a6a ed. | ||
| 260 |
_aLima : _bPrentice - Hall Hispanoamericana ; _c1996 |
||
| 300 |
_axviii, 1017 p. : _btbl., graf. ; _c25 cm. |
||
| 505 | 0 | _aOrdenamiento o arreglo de datos para obtener significados: tablas y gráficas -- Medidas de tendencia central y dispersión en distribuciones de frecuencias -- Probabilidad I: ideas introductorias -- Probabilidad II: Distribuciones -- Muestreo y distribuciones de muestreo -- Estimación -- Prueba de hipótesis: pruebas de una sola muestra -- Prueba de hipótesis: pruebas de dos muestras -- Calidad y control de calidad -- Ji-cuadrada y análisis de varianza -- Regresión múltiple y técnicas de modelado -- Métodos no paramétricos -- Series temporales -- Números de índices -- Teoría de decisiones | |
| 650 | 1 | 0 |
_aEstadística _91473 |
| 650 | 2 | 0 |
_aEstadística matemática _9210 |
| 650 | 2 | 0 |
_aProbabilidades _9264 |
| 650 | 2 | 0 |
_aMuestreo (Estadística) _92393 |
| 700 | 1 |
_92394 _aRubin, David S. _eautor |
|
| 942 |
_cLIB _2ddc |
||
| 999 |
_c166 _d166 |
||